Statistics for Indo-Iranian Languages Map Quiz

Click here to take the quiz!

General Stats

  • This quiz has been taken 2,441 times
  • The average score is 11 of 20

Answers on the Map

Answers color-coded by a green-red scale on the quiz's map according to % correct below.
 

Answer Stats

PopLanguages% Correct
590 mHindi/Urdu
98%
60 mPersian
98%
205 mBengali
91%
35 mKurdish
90%
50 mPashto
83%
100 mPunjabi
80%
17 mNepali
78%
50 mGujarati
73%
19 mSinhalese
63%
75 mMarathi
62%
7.6 mBalochi
59%
24 mAssamese
54%
25 mSindhi
53%
35 mOdia
42%
40 mBhojpuri
27%
35 mMaithili
26%
18 mChhattisgarhi
19%
40 mAwadhi
14%
30 mMarwari
12%
15 mRangpuri
7%

Score Distribution

Percentile by Number Answered

Percent of People with Each Score

Your Score History

You have not taken this quiz